000 00751nab a2200205 4500
999 _c372403
_d372403
001 90031
003 OSt
005 20230427142450.0
007 tu
008 110905s2000|||||||
040 _aDE-2950
_cDE-2950
245 0 0 _aEin Leben für die Leidenschaft und Tanz.
_bNachruf. Generationen von Menschen lernten bei René Glogener und Charlotte Golz-Glogener tanzen. Doch dann mussten sie einen Insolvenzantrag stellen. Nun verstarb René Glogener. Ein Rückblick auf 30 Jahre Tanzschule. /
_cLisa Mahlke
264 _c2023
653 _aFrankfurt (Oder)
653 _aTanzschule
653 _aGlogener, René
653 _aNachruf
773 0 _g34. Jahrgang (2023) Nr. 94, 22./23.04.2023, S. 17: mit Foto
_tMärkische Oderzeitung
942 _2z
_cA